[Event "SV Waltrop 1 - Weiße Dame Borbeck 1"]
[Site "Verbandsliga - Gr. 1 2019/202"]
[Date "2021.08.08"]
[Round "9.4"]
[White "Breidenbach, Rolf"]
[Black "Mundil, Uwe"]
[Result "1-0"]
[WhiteElo "1938"]
[BlackElo "2018"]
[PlyCount "137"]
[EventDate "2021.??.??"]
[WhiteTeam "SV Waltrop 1"]
[BlackTeam "Weiße Dame Borbeck 1"]

1. d4 Nf6 2. Bf4 g6 3. Nc3 d5 4. e3 Bg7 5. Nf3 O-O 6. Nb5 Na6 7. c4 c6 8. Nc3
Nh5 9. Be5 f6 10. Bg3 Nxg3 11. hxg3 Nc7 12. Qb3 Rb8 13. Rd1 Be6 14. Be2 a6 15.
cxd5 cxd5 16. O-O b5 17. Rc1 Qd6 18. Rfd1 Rfc8 19. Ne1 Bf7 20. Bg4 Rd8 21. Qc2
f5 22. Be2 Ne6 23. f4 Nf8 24. Nd3 Nd7 25. Qd2 e6 26. Rc2 Qb6 27. Rdc1 Qb7 28.
Nd1 Rdc8 29. Rxc8+ Rxc8 30. Rxc8+ Qxc8 31. Qc3 Qb7 32. Nc5 Nxc5 33. Qxc5 Bf8
34. Qc3 Be8 35. b4 Qc6 36. a3 Kf7 37. Kf2 Bd6 38. Ke1 Ke7 39. Kd2 Kd7 40. Nf2
Kc7 41. Nd3 Qc4 42. Nb2 Qc6 43. Qxc6+ Bxc6 44. Nd3 Kd7 45. Kc3 Ke7 46. Nc5 Bxc5
47. dxc5 e5 48. fxe5 Ke6 49. Kd4 h6 50. Bd1 Be8 51. g4 Bc6 52. Bf3 Bb7 53.
gxf5+ gxf5 54. Bh5 Bc6 55. Bf3 Bb7 56. g4 fxg4 57. Bxg4+ Ke7 58. Bh5 Bc6 59.
Bg4 Bb7 60. Kd3 Kd8 61. Ke2 Bc6 62. Kf2 Ke7 63. Kg3 Kf7 64. Bh5+ Ke7 65. Kf4
Ke6 66. Bg4+ Kf7 67. Bc8 Kg6 68. Bxa6 h5 69. Bc8 1-0

[Event "SV Waltrop 1 - Weiße Dame Borbeck 1"]
[Site "Verbandsliga - Gr. 1 2019/202"]
[Date "2021.08.08"]
[Round "9.5"]
[White "Kindermann, Carsten"]
[Black "Drewes, Martin"]
[Result "1/2-1/2"]
[WhiteElo "1885"]
[BlackElo "1955"]
[PlyCount "110"]
[EventDate "2021.??.??"]
[WhiteTeam "Weiße Dame Borbeck 1"]
[BlackTeam "SV Waltrop 1"]

1. e4 e5 2. Nf3 Nc6 3. Bb5 a6 4. Ba4 Nf6 5. d4 exd4 6. O-O b5 7. Bb3 Be7 8. e5
Ng4 9. Re1 h5 10. h3 Nh6 11. c3 d5 12. cxd4 Na5 13. Bc2 Be6 14. Nc3 g5 15. Nh2
Qd7 16. Qxh5 O-O-O 17. Qe2 Rdg8 18. a4 g4 19. axb5 Nc4 20. bxa6 gxh3 21. g3 Nf5
22. Bxf5 Bxf5 23. b3 Nb6 24. a7 Kb7 25. Qa6+ Ka8 26. Ba3 Bxa3 27. Rxa3 Qc6 28.
Re3 Be4 29. Qb5 Qxb5 30. Nxb5 Kb7 31. Rc3 Na8 32. Ra1 Kb6 33. Rc5 Re8 34. Rac1
Re7 35. f3 Bd3 36. Nc3 c6 37. Na4+ Kxa7 38. Rxc6 Rg8 39. Kf2 f5 40. Rh6 Nc7 41.
Nc5 f4 42. g4 Bg6 43. Rxh3 Nb5 44. Rd1 Kb6 45. Rd2 Ka5 46. Rh6 Kb4 47. Nd3+ Kc3
48. Rxg6 Rxg6 49. Nxf4 Kxd2 50. Nxg6 Rh7 51. Kg3 Nxd4 52. f4 Ne2+ 53. Kg2 Ke3
54. Nf1+ Ke4 55. Nd2+ Ke3 1/2-1/2

[Event "SV Waltrop 1 - Weiße Dame Borbeck 1"]
[Site "Verbandsliga - Gr. 1 2019/202"]
[Date "2021.08.08"]
[Round "9.6"]
[White "Atali, Dogukan"]
[Black "Klasmeier, Hartmut"]
[Result "1-0"]
[WhiteElo "1965"]
[BlackElo "1879"]
[PlyCount "51"]
[EventDate "2021.??.??"]
[WhiteTeam "SV Waltrop 1"]
[BlackTeam "Weiße Dame Borbeck 1"]

1. e4 e6 2. d4 d5 3. Nc3 Bb4 4. Nge2 dxe4 5. a3 Be7 6. Nxe4 Nf6 7. N2g3 Nc6 8.
c3 O-O 9. Be2 a5 10. a4 e5 11. Nxf6+ Bxf6 12. d5 Nb8 13. O-O Nd7 14. Be3 Be7
15. f4 exf4 16. Bxf4 Nc5 17. Bc4 Bd6 18. Qh5 Bxf4 19. Rxf4 Qd6 20. Raf1 f6 21.
b4 axb4 22. cxb4 Rxa4 23. Be2 Nd7 24. Nf5 Qe5 25. Rg4 g6 26. Rxg6+ 1-0

[Event "SV Waltrop 1 - Weiße Dame Borbeck 1"]
[Site "Verbandsliga - Gr. 1 2019/202"]
[Date "2021.08.08"]
[Round "9.7"]
[White "Sanders, Cedric"]
[Black "Sehrbrock, Christoph"]
[Result "0-1"]
[WhiteElo "1722"]
[BlackElo "1833"]
[PlyCount "86"]
[EventDate "2021.??.??"]
[WhiteTeam "Weiße Dame Borbeck 1"]
[BlackTeam "SV Waltrop 1"]

1. c4 e5 2. Nc3 Nf6 3. g3 c6 4. Bg2 d5 5. d4 exd4 6. Qxd4 dxc4 7. Qxc4 Be6 8.
Qa4 Nbd7 9. Be3 Nb6 10. Qc2 Nbd5 11. Bd2 Bb4 12. Nf3 O-O 13. O-O Nxc3 14. Bxc3
Bxc3 15. Qxc3 Qe7 16. a3 Rfd8 17. Rad1 Bg4 18. h3 Bh5 19. g4 Bg6 20. Qe5 Qxe5
21. Nxe5 Bc2 22. Rc1 Bb3 23. Nd3 Bd5 24. f3 Rd6 25. Rfd1 Bb3 26. Rd2 Rad8 27.
Kf2 b6 28. Rc3 Ba4 29. e4 Nd7 30. Re2 Bb5 31. Re3 Nf6 32. Bf1 Ne8 33. b3 c5 34.
Nf4 Rd2+ 35. Be2 Nc7 36. Kg3 g5 37. Nd3 Bxd3 38. Bxd3 Ne6 39. Bf1 Nf4 40. h4 h6
41. hxg5 hxg5 42. Re1 Ra2 43. Bh3 Rdd2 0-1

[Event "SV Waltrop 1 - Weiße Dame Borbeck 1"]
[Site "Verbandsliga - Gr. 1 2019/202"]
[Date "2021.08.08"]
[Round "9.8"]
[White "Muecke, Lukas Benedikt"]
[Black "Braun, Joshua"]
[Result "0-1"]
[WhiteElo "1534"]
[BlackElo "1600"]
[PlyCount "32"]
[EventDate "2021.??.??"]
[WhiteTeam "SV Waltrop 1"]
[BlackTeam "Weiße Dame Borbeck 1"]

1. e4 c5 2. Nf3 d6 3. d4 cxd4 4. Nxd4 Nf6 5. Nc3 g6 6. h3 Bg7 7. Be3 O-O 8. Qd2
Nc6 9. O-O-O Bd7 10. Be2 Rc8 11. Kb1 Ne5 12. h4 Nfg4 13. h5 Nc4 14. Bxc4 Rxc4
15. hxg6 fxg6 16. Bg5 Rxd4 0-1